000 00705nam a2200205 a 4500
005 20240920064010.0
008 991125s1963 mx 000 0 spa u
035 _aUPN01000001380
049 _aSEP
050 4 _aLB7
_bB5.6 no.14
100 1 _aCorona Morfín, Enrique,
_d1887-1977
245 1 0 _aAl servicio de la escuela popular /
_cEnrique Corona M.
260 _aMéxico :
_bSEP, Instituto Federal de Capacitación del Magisterio,
_c1963.
300 _a181 p
440 0 _aBiblioteca pedagógica de perfeccionamiento profesional ;
_v14
650 4 _aEducación de adultos
_zMéxico
_95673
650 4 _aEducación y Estado
_zMéxico
_9476
650 4 _aEscuelas rurales
_zMéxico
_916754
905 _aLibro
999 _c1380
_d1380